000 00308nam a22001337a 4500
008 170622b xxu||||| |||| 00| 0 eng d
020 _a9780133350845
041 _aeng
080 _28TH
_a32
100 _a21
101 _aSHP
245 _aFOREIGN POLICY IN WORLD POLITICS
_cMACRIDIS,R.C
942 _2udc
_cBK
999 _c18824
_d18824